<?xml version="1.0" encoding="UTF-8"?>
<record
    xmlns:xsi="http://www.w3.org/2001/XMLSchema-instance"
    xsi:schemaLocation="http://www.loc.gov/MARC21/slim http://www.loc.gov/standards/marcxml/schema/MARC21slim.xsd"
    xmlns="http://www.loc.gov/MARC21/slim">

  <leader>02884nam a2200325 a 4500</leader>
  <controlfield tag="001">BRCA_2452</controlfield>
  <controlfield tag="005">20190320203822.0</controlfield>
  <controlfield tag="008">181108s1819----sp-a---###---#000-0dspa-u</controlfield>
  <datafield tag="041" ind1=" " ind2=" ">
    <subfield code="a">spa</subfield>
  </datafield>
  <datafield tag="044" ind1=" " ind2=" ">
    <subfield code="a">sp</subfield>
  </datafield>
  <datafield tag="084" ind1=" " ind2=" ">
    <subfield code="a">092</subfield>
    <subfield code="b">.R43</subfield>
    <subfield code="c">1819</subfield>
  </datafield>
  <datafield tag="100" ind1="1" ind2=" ">
    <subfield code="a">Cervantes Saavedra, Miguel de</subfield>
    <subfield code="d">1547-1616</subfield>
    <subfield code="9">213</subfield>
  </datafield>
  <datafield tag="245" ind1="1" ind2="0">
    <subfield code="a">El Ingenioso Hidalgo D. Quijote de la Mancha</subfield>
    <subfield code="c">compuesto por Miguel de Cervantes Saavedra.</subfield>
  </datafield>
  <datafield tag="260" ind1=" " ind2=" ">
    <subfield code="a">Madrid</subfield>
    <subfield code="b">Imprenta Real</subfield>
    <subfield code="c">1819</subfield>
  </datafield>
  <datafield tag="300" ind1=" " ind2=" ">
    <subfield code="a">5 v.</subfield>
    <subfield code="b">il.</subfield>
    <subfield code="c">19 cm.</subfield>
    <subfield code="e">1 mapa plegable</subfield>
  </datafield>
  <datafield tag="500" ind1=" " ind2=" ">
    <subfield code="a">Contenido : v 1. Primera parte. Pr&#xF3;logo de la Academia. Juicio cr&#xED;tico. An&#xE1;lisis y plan cronol&#xF3;gico del Quijote por Vicente de los R&#xED;os. Principios de la edici&#xF3;n pr&#xED;ncipe. Dedicatoria del autor. Pr&#xF3;logo del autor. Versos preliminares. Notas y observaciones. Mapa de una parte de Espa&#xF1;a trazado por Tom&#xE1;s L&#xF3;pez. Texto. -- v 2. Notas y observaciones. Texto. -- v 3. Segunda parte. Principios de la edici&#xF3;n pr&#xED;ncipe. Dedicatoria del autor. Pr&#xF3;logo del autor. Notas y observaciones. Texto. -- v 4. Notas y observaciones. Texto. -- v 5. Vida de Miguel de Cervantes S. escrita e ilustrada, con varias noticias y documentos por Mart&#xED;n Fern&#xE1;ndez de Navarrete</subfield>
  </datafield>
  <datafield tag="500" ind1=" " ind2=" ">
    <subfield code="a">Edici&#xF3;n : Cuarta edici&#xF3;n corregida por la Real Academia Espa&#xF1;ola</subfield>
  </datafield>
  <datafield tag="500" ind1=" " ind2=" ">
    <subfield code="a">Cuarta edici&#xF3;n de la Academia Espa&#xF1;ola. No es mera reproducci&#xF3;n de anteriores. Difiere de ellas en el plan que ha seguido para la correcci&#xF3;n del texto en las notas y en la vida del autor. Si en la edici&#xF3;n de 1780, la Academia sigui&#xF3; el texto de la segunda de Cuesta (1605), por creerla la primera, para la presente tom&#xF3; como modelo la de 1608 del mismo editor, por seguir la conjetura de Pellicer de que Cervantes corrigi&#xF3; el texto de esta &#xFA;ltima. Acert&#xF3; la Academia en escribir el sonido velar por medio de j, y no de la x, como hasta entonces. Pero sigui&#xF3; omitiendo el escudo de la edici&#xF3;n pr&#xED;ncipe, as&#xED; como igualando los t&#xED;tulos de ambas partes. Con todo, por los materiales tipogr&#xE1;ficos empleados y por la parte literaria, especialmente la primera erudita vida de Cervantes escrita por M. Fern&#xE1;ndez de Navarrete, merece esta edici&#xF3;n ocupar un lugar sobresaliente entre las cl&#xE1;sicas. Ejemplar bastante bien conservado. Encuadernado en piel; las lomeras adornadas con filetes y florones dorados L&#xFA;dovik Osterc</subfield>
  </datafield>
  <datafield tag="500" ind1=" " ind2=" ">
    <subfield code="a">QM74</subfield>
  </datafield>
  <datafield tag="650" ind1="1" ind2="4">
    <subfield code="a">Novela espa&#xF1;ola</subfield>
    <subfield code="y">&#xC9;poca cl&#xE1;sica, 1500-1700</subfield>
    <subfield code="9">215</subfield>
  </datafield>
  <datafield tag="650" ind1="1" ind2="4">
    <subfield code="a">Literatura espa&#xF1;ola</subfield>
    <subfield code="y">&#xC9;poca cl&#xE1;sica, 1500-1700</subfield>
    <subfield code="9">216</subfield>
  </datafield>
  <datafield tag="650" ind1="1" ind2="4">
    <subfield code="a">Novela espa&#xF1;ola</subfield>
    <subfield code="y">Siglo XVII</subfield>
    <subfield code="9">217</subfield>
  </datafield>
  <datafield tag="650" ind1="1" ind2="4">
    <subfield code="a">Don Quijote (Personaje ficticio)</subfield>
    <subfield code="e">Novela</subfield>
    <subfield code="9">218</subfield>
  </datafield>
  <datafield tag="700" ind1="1" ind2=" ">
    <subfield code="a">R&#xED;os, Vicente de los</subfield>
    <subfield code="d">1732-1779</subfield>
    <subfield code="e">Bi&#xF3;grafo</subfield>
    <subfield code="9">7151</subfield>
  </datafield>
  <datafield tag="700" ind1="1" ind2=" ">
    <subfield code="a">Fern&#xE1;ndez de Navarrete, Mart&#xED;n</subfield>
    <subfield code="d">1765-1844</subfield>
    <subfield code="e">Bi&#xF3;grafo</subfield>
    <subfield code="9">7152</subfield>
  </datafield>
  <datafield tag="700" ind1="1" ind2=" ">
    <subfield code="a">L&#xF3;pez, Tom&#xE1;s</subfield>
    <subfield code="d">1730-1802</subfield>
    <subfield code="e">Ilustrador</subfield>
    <subfield code="9">7153</subfield>
  </datafield>
  <datafield tag="740" ind1="0" ind2=" ">
    <subfield code="a">El Ingenioso Hidalgo Don Quijote de la Mancha</subfield>
  </datafield>
  <datafield tag="902" ind1=" " ind2=" ">
    <subfield code="a">QFM</subfield>
  </datafield>
  <datafield tag="942" ind1=" " ind2=" ">
    <subfield code="2">lcc</subfield>
    <subfield code="c">B</subfield>
  </datafield>
  <datafield tag="999" ind1=" " ind2=" ">
    <subfield code="c">2193</subfield>
    <subfield code="d">2193</subfield>
  </datafield>
  <datafield tag="952" ind1=" " ind2=" ">
    <subfield code="0">0</subfield>
    <subfield code="1">0</subfield>
    <subfield code="4">0</subfield>
    <subfield code="7">0</subfield>
    <subfield code="a">BRCA</subfield>
    <subfield code="b">BRCA</subfield>
    <subfield code="d">2008-11-18</subfield>
    <subfield code="i">QM74</subfield>
    <subfield code="l">0</subfield>
    <subfield code="o">092 .R43 1819 (QM74)</subfield>
    <subfield code="p">2449</subfield>
    <subfield code="r">2019-03-22 00:00:00</subfield>
    <subfield code="w">2019-03-22</subfield>
    <subfield code="y">B</subfield>
  </datafield>
</record>
